Gender in International Relations : Feminist Perspectives on Achieving Global Security /

Estudio sobre una amplia variedad de perspectivas feministas y su aplicación en el campo de las relaciones internacionales. La revisión de las diferencias de género en las dimensiones política, militar, económica y ecológica de las relaciones internacionales ofrece una nueva visión de las insegurida...

Fuld beskrivelse

Guardado en:
Bibliografiske detaljer
Hovedforfatter: Tickner, J. Ann (autor)
Format: Bog
Sprog:engelsk
Udgivet: Nueva York, EUA : Columbia University, 1992, c1992
Serier:(New Directions in World Politics)
Fag:
Tags: Tilføj Tag
Ingen Tags, Vær først til at tagge denne postø!

MARC

LEADER 00000nam^a2200000^a^4500
001 000156960
005 20250521000000.0
009 20260310100521.825
020 |a 0-231-07539-1 
037 |a Acervo ITESO - Biblioteca 
041 |a ING 
082 |a 327. 101  |b TIC 
100 |a Tickner, J. Ann  |e (autor) 
245 1 0 |a Gender in International Relations :  |b Feminist Perspectives on Achieving Global Security /  |c J.A. Tickner. 
264 4 |a Nueva York, EUA :  |b Columbia University,  |c 1992, c1992 
300 |a XIV, 180 p. 
336 |a texto  |b txt  |2 rdacontenido 
337 |a sin mediación  |b n  |2 rdamedio 
338 |a volumen  |b nc  |2 rdasoporte 
440 1 |a (New Directions in World Politics) 
520 |a Estudio sobre una amplia variedad de perspectivas feministas y su aplicación en el campo de las relaciones internacionales. La revisión de las diferencias de género en las dimensiones política, militar, económica y ecológica de las relaciones internacionales ofrece una nueva visión de las inseguridades que encaran tanto hombres como mujeres en el contexto político mundial de fines del siglo XX. La autora plantea una propuesta de conceptualización feminista de la seguridad, que supone un esfuerzo teórico para la construcción de acuerdos más adecuados de seguridad. 
649 |a XX 
650 |a Género 
650 |a Feminismo -  |x Teoría -  |x Aspectos Políticos -  |x Tema Principal 
650 |a Relaciones Internacionales -  |x Teoría -  |x Tema Principal 
650 |a Guerra y Paz 
650 |a Seguridad Internacional -  |x Tema Principal 
650 |a Globalización 
650 |a Economía Internacional 
650 |a Política Ambiental 
650 |a Política Militar 
650 |a Política Económica 
650 |a Política Internacional -  |x Teoría 
650 |a Política -  |x Teoría 
910 |a Fondo General 
920 |a Impresos - Libros 
930 |a Colección General 
905 |a 101 
901 |a 0500085576  |b IT1  |c ACC  |u 20250521 
902 |a https://opac.biblio.iteso.mx/vufind/Record/000156960